书目信息 |
| 题名: |
T-SQL 语言参考手册
|
|
| 作者: | ;美国微软公司 著 | |
| 分册: | ||
| 出版信息: | 北京 北京大学出版社 2001.03 |
|
| 页数: | 1045页 | |
| 开本: | 24cm | |
| 丛书名: | SQL Server 2000开发宝库影印丛书 | |
| 单 册: | ||
| 中图分类: | TP311.138 | |
| 科图分类: | ||
| 主题词: | 关系数据库--数据库管理系统 | |
| 电子资源: | ||
| ISBN: | 7-301-04875-0 | |
| 000 | 00849nam 2200265 450 | |
| 001 | 0157044099 | |
| 005 | 20050905171329.83 | |
| 010 | @a7-301-04875-0@dCNY158.00 | |
| 100 | @a20050219d2001 km y0chiy0120 ea | |
| 101 | 0 | @aeng |
| 102 | @aCN@b110000 | |
| 105 | @ay z 000yy | |
| 200 | 1 | @aT-SQL 语言参考手册@AT-SQL yu yan can kao shou ce@f(美)美国微软公司著@F(mei)mei guo wei ruan gong si zhu |
| 205 | @a影印版 | |
| 210 | @a北京@c北京大学出版社@d2001.03 | |
| 215 | @a1045页@d24cm | |
| 225 | 2 | @aSQL Server 2000开发宝库影印丛书 |
| 410 | 0 | @12001 @aSQL Server 2000开发宝库影印丛书 |
| 510 | 1 | @aT-SQL Language Reference@zeng |
| 606 | 0 | @a关系数据库@x数据库管理系统 |
| 610 | 0 | @aSQL Server |
| 690 | @aTP311.138@v4 | |
| 711 | 02 | @a美国微软公司@Amei guo wei ruan gong si@4著 |
| 801 | 0 | @aCN@bQSSK@c20050905 |
| 905 | @a10447@dTP311.138@eM533 | |
| T-SQL 语言参考手册/(美)美国微软公司著.-影印版.-北京:北京大学出版社,2001.03 |
| 1045页;24cm.-(SQL Server 2000开发宝库影印丛书) |
| ISBN 7-301-04875-0:CNY158.00 |
| ● |
| 相关链接 |
|
|
|
正题名:T-SQL 语言参考手册
索取号:TP311.138/M533
 
预约/预借
| 序号 | 登录号 | 条形码 | 馆藏地/架位号 | 状态 | 备注 |
| 1 | 529505 | 205295054 | 期刊室512/301自科库 41排5列5层/ [索取号:TP311.138/M533] | 在馆 |